000 nam a22 a 4500
999 _c781
_d781
003 AKMAL
005 20170505105939.0
008 170505s1993 si 00 eng d
020 _a9971861097 (pbk.):
_cRM 19.90
040 _aAKMAL
082 0 4 _a220.83 AKE
090 _a220.83
_bAKE
100 1 _aAkerley, Ben Edward
_91691
245 1 4 _aThe x-rated Bible :
_ban irreverent survey of sex in the scriptures /
_cBen Edward Akerley
260 _aSingapore :
_bOmar Brothers Publications,
_c1993
300 _axviii, 427p. ;
_c22cm
500 _aIncludes index
504 _aBibliography: p. 389-395
650 _aSex in the Bible
_91692
650 _aScatology in the Bible
_91693
650 _aViolence in the Bible
_91694
650 _aBible
_xCriticism, interpretation, etc.
_91695
942 _2ddc
_cBOOK